00218nam a2200085Ia 4500008004100000100001800041245002100059260004300080260000900123170620s9999 xx 000 0 und d aShukla- C. S. 0aScience Teaching bMeerut- International Publishing House c2003